[Event "ISL-chT2 1921"]
[Site "Reykjavik"]
[Date "2019.10.06"]
[Round "4.3"]
[White "Arnarsson, Hrannar"]
[Black "Baldvinsson, Loftur"]
[Result "0-1"]
[WhiteElo "1992"]
[BlackElo "1933"]
[PlyCount "86"]
[EventDate "2019.10.04"]
[EventType "team-tourn"]
[EventRounds "7"]
[EventCountry "ISL"]
[SourceTitle "EXT 2024"]
[Source "ChessBase"]
[SourceDate "2023.10.10"]
[SourceVersion "1"]
[SourceVersionDate "2023.10.10"]
[SourceQuality "1"]
[WhiteTeam "Huginn II"]
[BlackTeam "KR CC"]
[WhiteTeamCountry "ISL"]
[BlackTeamCountry "ISL"]

1. e4 c5 2. Nf3 Nc6 3. d4 cxd4 4. Nxd4 d6 5. g3 e5 6. Ne2 Bg4 7. Bg2 Nd4 8. Nbc3 Rc8 9. 0-0 Rxc3 10. f3 Rxf3 11. Bxf3 Bxf3 12. Rf2 Nxe2+ 13. Rxe2 Bxe2 14. Qxe2 Nf6 15. Be3 a6 16. Qf3 Be7 17. c4 0-0 18. g4 Qc8 19. g5 Nd7 20. b3 Nc5 21. Rd1 Qc6 22. Rd5 Ne6 23. Qg4 Nc7 24. Rd2 b5 25. Rc2 Ne6 26. h4 Nf4 27. Bxf4 exf4 28. Qxf4 Qc5+ 29. Kg2 Qe5 30. Qxe5 dxe5 31. c5 Rc8 32. b4 f6 33. gxf6 gxf6 34. Kf3 Kf7 35. Kg4 Ke6 36. Kh5 f5 37. exf5+ Kxf5 38. Kh6 Bxh4 39. Kxh7 Bf6 40. Rf2+ Ke6 41. Kg6 Rg8+ 42. Kh7 Rg4 43. Rd2 Rd4 0-1

[Event "ISL-chT1 1819"]
[Site "Reykjavik"]
[Date "2018.11.10"]
[Round "4.3"]
[White "Gunnarsson, Jon Viktor"]
[Black "Arnarsson, Hrannar"]
[Result "1-0"]
[WhiteElo "2465"]
[BlackElo "2037"]
[PlyCount "95"]
[EventDate "2018.11.08"]
[EventType "team-tourn"]
[EventRounds "9"]
[EventCountry "ISL"]
[SourceTitle "CBM 187 Extra"]
[Source "ChessBase"]
[SourceDate "2018.11.04"]
[SourceVersion "1"]
[SourceVersionDate "2018.11.04"]
[SourceQuality "1"]
[WhiteTeam "Vikingaklubburinn"]
[BlackTeam "Skakfelagidj Huginn II"]
[WhiteTeamCountry "ISL"]
[BlackTeamCountry "ISL"]

1. e4 e6 2. d4 d5 3. Bd3 dxe4 4. Bxe4 Nf6 5. Bf3 c5 6. Ne2 Qb6 7. 0-0 Bd7 8. c4 cxd4 9. Qxd4 Bc5 10. Qh4 Bc6 11. Bxc6+ Nxc6 12. Nbc3 Nd4 13. Nxd4 Bxd4 14. Nb5 Bc5 15. b3 a6 16. Nc3 Bd4 17. Bb2 Rd8 18. Rad1 Qa7 19. Kh1 0-0 20. f3 e5 21. Qe1 b6 22. Ba3 Rfe8 23. Ne2 b5 24. Nxd4 exd4 25. Qf2 bxc4 26. bxc4 Qd7 27. Rd3 Qa4 28. Rc1 Re3 29. Qxe3 dxe3 30. Rxd8+ Ne8 31. Re1 f6 32. Rxe3 Kf7 33. Rdxe8 Qxc4 34. h3 Qxa2 35. Bf8 g5 36. Bd6 Qd5 37. R3e7+ Kg6 38. Re6 a5 39. Be5 Kf7 40. R8e7+ Kf8 41. Bxf6 a4 42. Bg7+ Kg8 43. Bh6 Qb5 44. Rg7+ Kh8 45. Rxg5 Qb1+ 46. Kh2 Qb8+ 47. Rg3 a3 48. Bg7+ 1-0

[Event "ISL-chT1 1819"]
[Site "Reykjavik"]
[Date "2018.11.09"]
[Round "2.4"]
[White "Gretarsson, Hjorvar Steinn"]
[Black "Arnarsson, Hrannar"]
[Result "1-0"]
[WhiteElo "2557"]
[BlackElo "2037"]
[PlyCount "81"]
[EventDate "2018.11.08"]
[EventType "team-tourn"]
[EventRounds "9"]
[EventCountry "ISL"]
[SourceTitle "CBM 187 Extra"]
[Source "ChessBase"]
[SourceDate "2018.11.04"]
[SourceVersion "1"]
[SourceVersionDate "2018.11.04"]
[SourceQuality "1"]
[WhiteTeam "Skakfelagidj Huginn"]
[BlackTeam "Skakfelagidj Huginn II"]
[WhiteTeamCountry "ISL"]
[BlackTeamCountry "ISL"]

1. e4 e6 2. d4 d5 3. Nc3 dxe4 4. Nxe4 Nd7 5. g3 Ngf6 6. Nxf6+ Nxf6 7. Bg2 c5 8. Ne2 cxd4 9. Qxd4 Qxd4 10. Nxd4 Bc5 11. Nb3 Bd6 12. Be3 0-0 13. 0-0-0 Bc7 14. Rhe1 Re8 15. f4 e5 16. fxe5 Rxe5 17. Bd4 Rxe1 18. Rxe1 Bb6 19. Bxb6 axb6 20. a3 Kf8 21. Nd4 Ra5 22. Kd2 Nd7 23. Re3 Ne5 24. Re2 f6 25. c3 Rc5 26. b4 Rc7 27. Kc2 Bg4 28. Re1 Nc6 29. Re4 Nxd4+ 30. Rxd4 Bd7 31. Be4 Kf7 32. Rd6 Bc6 33. Bxh7 g6 34. Rd8 Be4+ 35. Kd2 Ke7 36. Rd4 f5 37. Bxg6 Rc6 38. Bh5 Rh6 39. g4 Kf6 40. Rd6+ Kg5 41. h4+ 1-0

[Event "ISL-chT1 1819"]
[Site "Reykjavik"]
[Date "2018.11.08"]
[Round "1.2"]
[White "Arnarsson, Hrannar"]
[Black "Johannesson, Oliver Aron"]
[Result "0-1"]
[WhiteElo "2037"]
[BlackElo "2273"]
[PlyCount "70"]
[EventDate "2018.11.08"]
[EventType "team-tourn"]
[EventRounds "9"]
[EventCountry "ISL"]
[SourceTitle "CBM 187 Extra"]
[Source "ChessBase"]
[SourceDate "2018.11.04"]
[SourceVersion "1"]
[SourceVersionDate "2018.11.04"]
[SourceQuality "1"]
[WhiteTeam "Skakfelagidj Huginn II"]
[BlackTeam "Skakdeild Fjolnis"]
[WhiteTeamCountry "ISL"]
[BlackTeamCountry "ISL"]

1. e4 c5 2. Nf3 e6 3. d4 cxd4 4. Nxd4 Nc6 5. Nc3 Qc7 6. g3 a6 7. Bg2 Nf6 8. 0-0 h5 9. h3 h4 10. g4 Nxd4 11. Qxd4 Bd6 12. Be3 b5 13. e5 Bxe5 14. Qb6 d5 15. Rfe1 Bb7 16. a4 Qxb6 17. Bxb6 b4 18. Nxd5 Bxd5 19. Rxe5 Bxg2 20. Kxg2 Nd7 21. Bd4 Nxe5 22. Bxe5 f6 23. Bd4 Rc8 24. Rc1 Rc4 25. c3 e5 26. Bb6 bxc3 27. Rxc3 Rxc3 28. bxc3 Kd7 29. c4 Rb8 30. c5 Kc6 31. a5 Rb7 32. Kf3 Rd7 33. Kg2 Rd3 34. Kh2 Rc3 35. Kg2 e4 0-1

[Event "Reykjavik op"]
[Site "Reykjavik"]
[Date "2018.03.13"]
[Round "8"]
[White "Soham, Das1111"]
[Black "Arnarsson, Hrannar"]
[Result "0-1"]
[WhiteElo "2275"]
[BlackElo "2029"]
[PlyCount "76"]
[EventDate "2018.03.06"]
[EventType "swiss"]
[EventRounds "9"]
[EventCountry "ISL"]
[SourceTitle "CBM 183 Extra"]
[Source "ChessBase"]
[SourceDate "2018.04.19"]
[SourceVersion "1"]
[SourceVersionDate "2018.04.19"]
[SourceQuality "1"]

1. e4 e6 2. d4 d5 3. Nc3 dxe4 4. Nxe4 Nd7 5. Nf3 Ngf6 6. Nxf6+ Nxf6 7. Bc4 c5 8. 0-0 Bd7 9. Qe2 cxd4 10. Rd1 Bc5 11. Nxd4 Qb6 12. c3 0-0 13. Bg5 Nd5 14. a4 a6 15. Kh1 Rac8 16. Rd2 h6 17. Bxh6 gxh6 18. Qg4+ Kh7 19. Bxd5 f5 20. Nxf5 exf5 21. Bg8+ Rxg8 22. Rxd7+ Kh8 23. Qxf5 Qg6 24. Qe5+ Rg7 25. Rxg7 Qxg7 26. Qf5 Rg8 27. g3 Qg5 28. Qe6 Bxf2 29. Rf1 Rf8 30. Kg2 Bc5 31. Rxf8+ Bxf8 32. Kf3 a5 33. Ke4 Qe7 34. Kd5 Qxe6+ 35. Kxe6 Kg7 36. Kd7 Bc5 37. Kc7 b6 38. b4 Bxb4 0-1

[Event "Reykjavik op"]
[Site "Reykjavik"]
[Date "2017.04.26"]
[Round "9"]
[White "Walton, Alan J"]
[Black "Arnarsson, Hrannar"]
[Result "1-0"]
[WhiteElo "2199"]
[BlackElo "2046"]
[PlyCount "55"]
[EventDate "2017.04.19"]
[EventType "swiss"]
[EventRounds "10"]
[EventCountry "ISL"]
[SourceTitle "CBM 178 Extra"]
[Source "ChessBase"]
[SourceDate "2017.06.22"]
[SourceVersion "1"]
[SourceVersionDate "2017.06.22"]
[SourceQuality "1"]

1. d4 e6 2. e4 d5 3. e5 c5 4. c3 Nc6 5. Nf3 Qb6 6. a3 Bd7 7. b4 cxb4 8. cxb4 a6 9. Nc3 Na7 10. Bb2 Ne7 11. Bd3 g6 12. 0-0 Nf5 13. Na4 Bxa4 14. Qxa4+ Qc6 15. Qb3 h5 16. a4 Qb6 17. b5 Nc6 18. a5 Nxa5 19. Qa4 Nc4 20. bxa6+ Kd8 21. Bxc4 dxc4 22. Bc3 Rxa6 23. Qxc4 Qc6 24. Qd3 Rxa1 25. Rxa1 b6 26. Ng5 Qb7 27. Nxf7+ Qxf7 28. Ra8+ 1-0

[Event "Reykjavik op"]
[Site "Reykjavik"]
[Date "2017.04.25"]
[Round "8"]
[White "Arnarsson, Hrannar"]
[Black "Hart, Alexander E"]
[Result "1-0"]
[WhiteElo "2046"]
[BlackElo "1806"]
[PlyCount "98"]
[EventDate "2017.04.19"]
[EventType "swiss"]
[EventRounds "10"]
[EventCountry "ISL"]
[SourceTitle "CBM 178 Extra"]
[Source "ChessBase"]
[SourceDate "2017.06.22"]
[SourceVersion "1"]
[SourceVersionDate "2017.06.22"]
[SourceQuality "1"]

1. e4 c6 2. d4 d5 3. e5 Bf5 4. Nf3 e6 5. Be2 Bb4+ 6. c3 Ba5 7. 0-0 Nd7 8. Bg5 Ne7 9. Nh4 Be4 10. Nd2 h6 11. Nxe4 dxe4 12. Bxe7 Qxe7 13. g3 0-0-0 14. Re1 g5 15. Ng2 Bb6 16. Qc2 f5 17. exf6 Nxf6 18. h3 h5 19. Ne3 h4 20. g4 Bc7 21. Nc4 Rd5 22. Bf1 b5 23. Ne3 Rd7 24. Bg2 Qd6 25. Nf1 Nd5 26. Qxe4 Re8 27. Qg6 Qe7 28. Bxd5 Rxd5 29. Re2 Bf4 30. Rae1 Rd6 31. Nd2 e5 32. Qf5+ Re6 33. dxe5 Kb8 34. Nf3 Rf8 35. Qe4 c5 36. a4 a6 37. axb5 axb5 38. Ra1 Qb7 39. Qxb7+ Kxb7 40. Kg2 Rfe8 41. Re4 c4 42. Rd1 Kb6 43. Nxh4 Bxe5 44. Nf3 Bf4 45. Rxe6+ Rxe6 46. Nd2 Rd6 47. Re1 Rd5 48. Kf3 b4 49. Re6+ Kc5 1-0

[Event "Reykjavik op"]
[Site "Reykjavik"]
[Date "2017.04.22"]
[Round "5"]
[White "Pigott, John C"]
[Black "Arnarsson, Hrannar"]
[Result "1-0"]
[WhiteElo "2381"]
[BlackElo "2046"]
[PlyCount "51"]
[EventDate "2017.04.19"]
[EventType "swiss"]
[EventRounds "10"]
[EventCountry "ISL"]
[SourceTitle "CBM 178 Extra"]
[Source "ChessBase"]
[SourceDate "2017.06.22"]
[SourceVersion "1"]
[SourceVersionDate "2017.06.22"]
[SourceQuality "1"]

1. e4 e6 2. d4 d5 3. Nc3 dxe4 4. Nxe4 Nd7 5. Nf3 Ngf6 6. Bd3 c5 7. 0-0 Nxe4 8. Bxe4 Nf6 9. Bg5 cxd4 10. Nxd4 Be7 11. Bf3 0-0 12. Qd3 Qb6 13. a4 Rd8 14. Be3 e5 15. Nf5 Bxf5 16. Qxf5 Qc7 17. c3 g6 18. Qc2 Rac8 19. a5 b6 20. axb6 axb6 21. Ra6 Bc5 22. Bg5 Kg7 23. Qa4 h6 24. Bxf6+ Kxf6 25. Ra7 b5 26. Qh4+ 1-0

[Event "Reykjavik op"]
[Site "Reykjavik"]
[Date "2017.04.19"]
[Round "1"]
[White "Yilmaz, Mustafa"]
[Black "Arnarsson, Hrannar"]
[Result "1-0"]
[WhiteElo "2614"]
[BlackElo "2046"]
[PlyCount "49"]
[EventDate "2017.04.19"]
[EventType "swiss"]
[EventRounds "10"]
[EventCountry "ISL"]
[SourceTitle "CBM 178 Extra"]
[Source "ChessBase"]
[SourceDate "2017.06.22"]
[SourceVersion "1"]
[SourceVersionDate "2017.06.22"]
[SourceQuality "1"]

1. d4 Nf6 2. c4 e6 3. Nf3 Bb4+ 4. Nbd2 0-0 5. g3 b6 6. Bg2 Bb7 7. 0-0 d5 8. Ne5 Bxd2 9. Bxd2 Nbd7 10. Bg5 h6 11. Nxd7 Qxd7 12. Bxf6 gxf6 13. cxd5 Bxd5 14. e4 Bb7 15. Rc1 c6 16. Qg4+ Kh7 17. Rfd1 Rac8 18. Qh4 Qd8 19. Rc3 c5 20. d5 exd5 21. exd5 f5 22. Qa4 a6 23. Bh3 Rc7 24. Bxf5+ Kh8 25. Qf4 1-0

[Event "ISL-chT2 1617"]
[Site "Reykjavik"]
[Date "2017.03.04"]
[Round "6.1"]
[White "Arnarsson, Hrannar"]
[Black "Hardarson, Marteinn Thor"]
[Result "1-0"]
[WhiteElo "2049"]
[BlackElo "1827"]
[PlyCount "77"]
[EventDate "2016.09.30"]
[EventType "team-tourn"]
[EventRounds "7"]
[EventCountry "ISL"]
[SourceTitle "EXT 2018"]
[Source "ChessBase"]
[SourceDate "2017.10.13"]
[SourceVersion "1"]
[SourceVersionDate "2017.10.13"]
[SourceQuality "1"]
[WhiteTeam "Huginn III"]
[BlackTeam "Vinaskakfelagid"]
[WhiteTeamCountry "ISL"]
[BlackTeamCountry "ISL"]

1. e4 e6 2. d3 d5 3. Nd2 c5 4. g3 Nc6 5. Bg2 Nf6 6. Ngf3 dxe4 7. dxe4 e5 8. 0-0 Be7 9. Nh4 Bg4 10. f3 Be6 11. c3 g6 12. Nb3 Nd7 13. Be3 c4 14. Nd2 Bxh4 15. gxh4 Qxh4 16. Qa4 0-0 17. Nxc4 a6 18. Nb6 Rad8 19. Rad1 g5 20. Nxd7 Rxd7 21. Rxd7 Bxd7 22. Rd1 Bh3 23. Bf2 Qh5 24. Rd3 Kh8 25. Bg3 g4 26. Bxh3 gxh3 27. Qd1 f5 28. exf5 Qxf5 29. Qe2 Re8 30. a3 Rg8 31. Rd5 Qf4 32. Kf2 Rxg3 33. hxg3 Qf7 34. Rxe5 Nxe5 35. Qxe5+ Kg8 36. Qg5+ Kh8 37. Qd8+ Kg7 38. Qd4+ Kg8 39. Qg4+ 1-0

[Event "ISL-chT2 1617"]
[Site "Reykjavik"]
[Date "2017.03.03"]
[Round "5.1"]
[White "Pantzar, Milton"]
[Black "Arnarsson, Hrannar"]
[Result "1-0"]
[WhiteElo "2077"]
[BlackElo "2049"]
[PlyCount "131"]
[EventDate "2016.09.30"]
[EventType "team-tourn"]
[EventRounds "7"]
[EventCountry "ISL"]
[SourceTitle "EXT 2018"]
[Source "ChessBase"]
[SourceDate "2017.10.13"]
[SourceVersion "1"]
[SourceVersionDate "2017.10.13"]
[SourceQuality "1"]
[WhiteTeam "Gardabaer"]
[BlackTeam "Huginn III"]
[WhiteTeamCountry "ISL"]
[BlackTeamCountry "ISL"]

1. d4 g6 2. c4 Bg7 3. e4 d6 4. Nc3 Nf6 5. f3 0-0 6. Be3 e5 7. Nge2 Nc6 8. d5 Ne7 9. Qd2 Ne8 10. Nc1 f5 11. Nd3 Nf6 12. Be2 fxe4 13. fxe4 Ng4 14. Bxg4 Bxg4 15. h3 Bd7 16. 0-0-0 Kh8 17. g4 Ng8 18. g5 Qe7 19. Rdg1 Rf3 20. h4 Raf8 21. Ne1 Rh3 22. Rxh3 Bxh3 23. Qh2 Qd7 24. c5 a6 25. Qe2 Qe8 26. Nf3 Qf7 27. Nd2 h5 28. c6 Bc8 29. cxb7 Bxb7 30. Rf1 Qd7 31. Rxf8 Bxf8 32. b4 c6 33. dxc6 Qxc6 34. Kb2 Be7 35. Nc4 Bd8 36. Qd3 Bc7 37. Nd5 Bd8 38. Kb3 Ne7 39. Na5 Bxa5 40. Nxe7 Qe8 41. Qxd6 Bd8 42. Qxe5+ Kh7 43. Bd4 Qf7+ 44. Nd5 Bxd5+ 45. Qxd5 Qf3+ 46. Bc3 Qf8 47. Qb7+ Kg8 48. Qxa6 Qe8 49. Qc4+ Kf8 50. Qd4 Qe6+ 51. Kb2 Be7 52. a3 Ke8 53. Qd5 Qa6 54. e5 Qe2+ 55. Qd2 Qg4 56. Qd3 Kf7 57. Qd5+ Kf8 58. e6 Qe2+ 59. Kb3 Qa6 60. Qf3+ Ke8 61. Qf7+ Kd8 62. Qxg6 Qd6 63. Qe4 Qd1+ 64. Kb2 Bd6 65. Bf6+ Kc7 66. Qc2+ 1-0

[Event "Reykjavik op"]
[Site "Reykjavik"]
[Date "2016.03.14"]
[Round "8"]
[White "Birkisson, Bjorn Holm"]
[Black "Arnarsson, Hrannar"]
[Result "1/2-1/2"]
[WhiteElo "1929"]
[BlackElo "2089"]
[PlyCount "119"]
[EventDate "2016.03.08"]
[EventType "swiss"]
[EventRounds "10"]
[EventCountry "ISL"]
[SourceTitle "CBM 171 Extra"]
[Source "ChessBase"]
[SourceDate "2016.04.26"]
[SourceVersion "1"]
[SourceVersionDate "2016.04.26"]
[SourceQuality "1"]

1. Nf3 Nf6 2. d4 g6 3. Bg5 Bg7 4. Nbd2 0-0 5. c3 d6 6. e4 Nc6 7. Bd3 e5 8. d5 Ne7 9. Qc2 h6 10. Bxf6 Bxf6 11. 0-0 g5 12. Rfc1 g4 13. Ne1 Bg5 14. c4 a5 15. b3 f5 16. a3 fxe4 17. Bxe4 Bf5 18. Rd1 Bxd2 19. Rxd2 Qd7 20. Rc1 b6 21. Bxf5 Nxf5 22. Qd3 Rf7 23. Nc2 Raf8 24. Ne3 Nd4 25. Nc2 Nxc2 26. Rcxc2 Qf5 27. Qxf5 Rxf5 28. Rc3 Rf4 29. a4 h5 30. Re3 Kg7 31. h3 Kg6 32. hxg4 hxg4 33. Ree2 g3 34. Rd3 gxf2+ 35. Kf1 Kg5 36. Rg3+ Kh5 37. Rg7 R8f7 38. Rg8 Kh6 39. Rg3 Kh5 40. Rg8 Kh6 41. Rg3 R7f5 42. Rg8 Kh7 43. Rg3 Kh6 44. Rg8 Rd4 45. Rxf2 Rxf2+ 46. Kxf2 Rd2+ 47. Ke1 Rd3 48. Rc8 Rxb3 49. Rxc7 Rb4 50. Rc6 Kg5 51. Rxd6 Rxc4 52. Rxb6 Rxa4 53. Rb5 Kf5 54. d6 Ke6 55. d7 Re4+ 56. Kf2 Rd4 57. Rxa5 Rxd7 58. Ke3 Rd6 59. Ra4 Kf5 60. g4+ 1/2-1/2

[Event "Reykjavik op"]
[Site "Reykjavik"]
[Date "2016.03.13"]
[Round "7"]
[White "Arnarsson, Hrannar"]
[Black "Kakulidis, Ellen"]
[Result "1-0"]
[WhiteElo "2089"]
[BlackElo "1843"]
[PlyCount "69"]
[EventDate "2016.03.08"]
[EventType "swiss"]
[EventRounds "10"]
[EventCountry "ISL"]
[SourceTitle "CBM 171 Extra"]
[Source "ChessBase"]
[SourceDate "2016.04.26"]
[SourceVersion "1"]
[SourceVersionDate "2016.04.26"]
[SourceQuality "1"]

1. e4 c5 2. Nf3 e6 3. d4 cxd4 4. Nxd4 Nc6 5. Nc3 Qc7 6. g3 a6 7. Bg2 Nf6 8. 0-0 Be7 9. Re1 0-0 10. a3 Rb8 11. e5 Nxd4 12. Qxd4 Ne8 13. Bf4 d5 14. exd6 Bxd6 15. Bxd6 Qxd6 16. Rad1 Qxd4 17. Rxd4 Nf6 18. Na4 h6 19. Nb6 Re8 20. f4 Kf8 21. c4 Ke7 22. Red1 Ng4 23. R4d3 h5 24. h3 Nh6 25. c5 f6 26. b4 a5 27. Nxc8+ Rexc8 28. Rd7+ Kf8 29. Bxb7 Re8 30. bxa5 Nf7 31. a6 Nd8 32. Rxd8 Rexd8 33. Rxd8+ Rxd8 34. a7 e5 35. fxe5 1-0

[Event "Reykjavik op"]
[Site "Reykjavik"]
[Date "2016.03.11"]
[Round "5"]
[White "Arnarsson, Hrannar"]
[Black "Sigfusson, Sigurdur Dadi"]
[Result "0-1"]
[WhiteElo "2089"]
[BlackElo "2299"]
[PlyCount "40"]
[EventDate "2016.03.08"]
[EventType "swiss"]
[EventRounds "10"]
[EventCountry "ISL"]
[SourceTitle "CBM 171 Extra"]
[Source "ChessBase"]
[SourceDate "2016.04.26"]
[SourceVersion "1"]
[SourceVersionDate "2016.04.26"]
[SourceQuality "1"]

1. e4 e5 2. f4 d5 3. exd5 exf4 4. Nf3 Nf6 5. Nc3 Nxd5 6. d4 Bb4 7. Bd2 Ne3 8. Bxe3 fxe3 9. Bc4 0-0 10. 0-0 Bg4 11. Nd5 Bd2 12. h3 Be6 13. Nxd2 exd2 14. Qh5 f5 15. Nxc7 Bxc4 16. Nxa8 Bxf1 17. Kxf1 Qxd4 18. Qe2 Nc6 19. c3 Qf4+ 20. Kg1 Rxa8 0-1

[Event "ISL-chT 1516"]
[Site "Reykjavik"]
[Date "2016.03.04"]
[Round "7.1"]
[White "Sigurjonsson, Johann Oern"]
[Black "Arnarsson, Hrannar"]
[Result "0-1"]
[WhiteElo "2062"]
[BlackElo "2053"]
[PlyCount "72"]
[EventDate "2015.09.24"]
[EventType "team-tourn"]
[EventRounds "9"]
[EventCountry "ISL"]
[SourceTitle "EXT 2017"]
[Source "ChessBase"]
[SourceDate "2016.10.25"]
[SourceVersion "1"]
[SourceVersionDate "2016.10.25"]
[SourceQuality "1"]
[WhiteTeam "KR CC"]
[BlackTeam "Huginn II"]
[WhiteTeamCountry "ISL"]
[BlackTeamCountry "ISL"]

1. e4 e6 2. d4 d5 3. Nc3 Nf6 4. Bg5 dxe4 5. Nxe4 Be7 6. Bxf6 Bxf6 7. Nf3 Nd7 8. c3 0-0 9. Bd3 b6 10. Qe2 Bb7 11. 0-0-0 Qe7 12. h4 c5 13. Nfg5 h6 14. Nxf6+ Nxf6 15. dxc5 Qxc5 16. f4 Rfe8 17. Ne4 Nxe4 18. Bxe4 Bxe4 19. Qxe4 Rad8 20. Qf3 b5 21. Rxd8 Rxd8 22. Rd1 Rc8 23. Rd3 Qg1+ 24. Rd1 Qb6 25. Rd3 b4 26. Kb1 bxc3 27. Rxc3 Rxc3 28. Qxc3 Qg1+ 29. Qc1 Qxg2 30. Qc8+ Kh7 31. Qc2+ Qxc2+ 32. Kxc2 Kg6 33. b4 Kf5 34. a4 Kxf4 35. b5 Ke5 36. a5 Kd6 0-1

[Event "ISL-chT2 1516"]
[Site "Reykjavik"]
[Date "2015.09.25"]
[Round "1.3"]
[White "Jonsson, Bjorn1111"]
[Black "Arnarsson, Hrannar"]
[Result "1/2-1/2"]
[WhiteElo "1998"]
[BlackElo "2099"]
[PlyCount "24"]
[EventDate "2015.09.25"]
[EventType "team-tourn"]
[EventRounds "7"]
[EventCountry "ISL"]
[SourceTitle "EXT 2017"]
[Source "ChessBase"]
[SourceDate "2016.10.25"]
[SourceVersion "1"]
[SourceVersionDate "2016.10.25"]
[SourceQuality "1"]
[WhiteTeam "Gardabaer"]
[BlackTeam "Huginn III"]
[WhiteTeamCountry "ISL"]
[BlackTeamCountry "ISL"]

1. d4 Nf6 2. c4 g6 3. Nc3 Bg7 4. Nf3 0-0 5. Bf4 d6 6. h3 Nc6 7. e3 Nh5 8. Bh2 e5 9. dxe5 Nxe5 10. Nxe5 Bxe5 11. Bxe5 dxe5 12. Be2 Ng7 1/2-1/2

[Event "ISL-chT 1415"]
[Site "Reykjavik"]
[Date "2014.10.02"]
[Round "1.3"]
[White "Arnarsson, Hrannar"]
[Black "Jonsson, Tomas Arni"]
[Result "1-0"]
[WhiteElo "2097"]
[BlackElo "1735"]
[PlyCount "61"]
[EventDate "2014.10.02"]
[EventType "team-tourn"]
[EventRounds "9"]
[EventCountry "ISL"]
[SourceTitle "EXT 2015"]
[Source "ChessBase"]
[SourceDate "2014.11.20"]
[SourceVersion "1"]
[SourceVersionDate "2014.11.20"]
[SourceQuality "1"]
[WhiteTeam "Huginn"]
[BlackTeam "Huginn II"]
[WhiteTeamCountry "ISL"]
[BlackTeamCountry "ISL"]

1. e4 c5 2. Nf3 e6 3. d4 cxd4 4. Nxd4 a6 5. Be3 Nf6 6. Bd3 Qc7 7. Nd2 Be7 8. g4 d5 9. g5 Nxe4 10. Nxe4 dxe4 11. Bxe4 Qa5+ 12. Qd2 Qxd2+ 13. Kxd2 0-0 14. Nb3 Nd7 15. f4 f5 16. Bf3 Rb8 17. Rhe1 b6 18. Nd4 Bb7 19. Bxb7 Rxb7 20. Nxe6 Rc8 21. c3 Nc5 22. Nxc5 Bxc5 23. Bxc5 Rxc5 24. Re2 Rc4 25. Rf1 Rd7+ 26. Kc2 Kf7 27. b3 Rc6 28. Re5 g6 29. Rfe1 Rcd6 30. R1e2 Rd3 31. Re7+ 1-0

[Event "ISL-chT 0405"]
[Site "Reykjavik"]
[Date "2005.03.05"]
[Round "7"]
[White "Sigurjonsson, Stefan Thor"]
[Black "Arnarsson, Hrannar"]
[Result "1-0"]
[WhiteElo "2175"]
[BlackElo "2099"]
[PlyCount "43"]
[EventDate "2004.11.19"]
[EventType "team"]
[EventRounds "7"]
[EventCountry "ISL"]
[SourceTitle "EXT 2006"]
[Source "ChessBase"]
[SourceDate "2005.11.24"]
[SourceVersion "1"]
[SourceVersionDate "2005.11.24"]
[SourceQuality "1"]

1. e4 e6 2. d4 d5 3. Nc3 Nf6 4. Bg5 Be7 5. e5 Nfd7 6. Bxe7 Qxe7 7. f4 0-0 8. Nf3 a6 9. Bd3 f6 10. Ne2 Qb4+ 11. c3 Qxb2 12. 0-0 Qa3 13. Qe1 fxe5 14. Bxh7+ Kxh7 15. Ng5+ Kg6 16. Qh4 e4 17. f5+ Rxf5 18. Rxf5 exf5 19. Nf4+ Kf6 20. Nxd5+ Kg6 21. Qh7+ Kxg5 22. Qxg7+ 1-0

[Event "Reykjavik Edda rapid"]
[Site "Reykjavik"]
[Date "2003.03.03"]
[Round "1"]
[White "Arnarsson, Hrannar"]
[Black "Bjornsson, Sigurbjorn"]
[Result "1-0"]
[WhiteElo "2067"]
[BlackElo "2267"]
[PlyCount "54"]
[EventDate "2003.03.03"]
[EventType "swiss (rapid)"]
[EventRounds "9"]
[EventCountry "ISL"]
[SourceTitle "CBM 093 Extra"]
[Source "ChessBase"]
[SourceDate "2003.05.09"]
[SourceVersion "1"]
[SourceVersionDate "2003.05.09"]
[SourceQuality "1"]

1. e4 e5 2. f4 exf4 3. Nf3 Ne7 4. Bc4 d5 5. exd5 Ng6 6. 0-0 Be7 7. d4 0-0 8. Ne5 Nd7 9. Nxd7 Bxd7 10. Bxf4 Nxf4 11. Rxf4 Bd6 12. Rf2 Qh4 13. g3 Qg5 14. Qd2 Qh5 15. Nc3 Rae8 16. Nb5 Bxb5 17. Bxb5 c6 18. Ba4 b5 19. Bb3 cxd5 20. Raf1 g6 21. Qa5 Qg4 22. Qxa7 Bxg3 23. hxg3 Qxg3+ 24. Rg2 Qe3+ 25. Rgf2 Re4 26. Qd7 Qxd4 27. Bxd5 Rg4+ 1-0

[Event "Reykjavik op"]
[Site "Reykjavik"]
[Date "2002.03.14"]
[Round "8"]
[White "Arnarsson, Hrannar"]
[Black "Sigfusson, Sigurdur Dadi"]
[Result "0-1"]
[WhiteElo "2035"]
[BlackElo "2351"]
[PlyCount "66"]
[EventDate "2002.03.07"]
[EventType "swiss"]
[EventRounds "9"]
[EventCountry "ISL"]
[SourceTitle "CBM 087 Extra"]
[Source "ChessBase"]
[SourceDate "2002.05.03"]
[SourceVersion "2"]
[SourceVersionDate "2002.08.09"]
[SourceQuality "1"]

1. e4 e6 2. c4 d5 3. cxd5 exd5 4. exd5 Qxd5 5. Nc3 Qd8 6. d4 Nf6 7. Bc4 Nc6 8. Nf3 Bg4 9. 0-0 Be7 10. d5 Ne5 11. Be2 Bxf3 12. Bxf3 0-0 13. Re1 Bd6 14. Bg5 h6 15. Bh4 g5 16. Bg3 Nfd7 17. Nb5 f5 18. Nxd6 cxd6 19. Bxe5 Nxe5 20. Qb3 Rf7 21. Bh5 Rg7 22. Rxe5 dxe5 23. d6+ Kh7 24. Qe6 Qf8 25. Rc1 Rd8 26. Rd1 Rgd7 27. Bg6+ Kg7 28. Bxf5 Rxd6 29. Rxd6 Qxd6 30. Qxd6 Rxd6 31. g4 Rd2 32. Be6 Rxb2 33. Kg2 Kf6 0-1

[Event "Reykjavik op"]
[Site "Reykjavik"]
[Date "2002.03.09"]
[Round "3"]
[White "Kjartansson, David"]
[Black "Arnarsson, Hrannar"]
[Result "0-1"]
[WhiteElo "2235"]
[BlackElo "2035"]
[PlyCount "54"]
[EventDate "2002.03.07"]
[EventType "swiss"]
[EventRounds "9"]
[EventCountry "ISL"]
[SourceTitle "CBM 087 Extra"]
[Source "ChessBase"]
[SourceDate "2002.05.03"]
[SourceVersion "2"]
[SourceVersionDate "2002.08.09"]
[SourceQuality "1"]

1. d4 g6 2. Nf3 Bg7 3. Bg5 Nf6 4. Nbd2 h6 5. Bxf6 exf6 6. e3 0-0 7. Bd3 d6 8. c3 Nd7 9. g4 Re8 10. Qc2 Nf8 11. Rg1 Be6 12. 0-0-0 Qd7 13. h3 b5 14. Nh4 c5 15. f4 Bxa2 16. Rg3 a5 17. Rdg1 a4 18. Nf5 c4 19. Be2 Bb3 20. Nxb3 axb3 21. Qb1 Ra2 22. Kd2 Rea8 23. Bf3 Rxb2+ 24. Qxb2 Ra2 25. Qxa2 bxa2 26. Nxg7 Qa7 27. Ra1 Qa3 0-1